[Event "Ostravsky Konik 2021"]
[Site "Ostrava, Dům kultury města O"]
[Date "2021.08.15"]
[Round "9.2"]
[White "Jires, Jiri"]
[Black "Hausner, Ivan"]
[Result "1/2-1/2"]
[WhiteElo "2144"]
[BlackElo "2336"]
[PlyCount "64"]
[EventDate "2021.??.??"]

1. e4 c5 2. Nc3 e6 3. Nf3 a6 4. d4 cxd4 5. Nxd4 Nc6 6. Be2 d6 7. Be3 Nf6 8. O-O
Be7 9. f4 Qc7 10. a4 O-O 11. Qe1 Nxd4 12. Bxd4 e5 13. fxe5 dxe5 14. Qg3 Bc5 15.
Bxc5 Qxc5+ 16. Kh1 Qe7 17. Rad1 b6 18. Nd5 Nxd5 19. Rxd5 f6 20. Rfd1 Be6 21.
Rd6 b5 22. a5 Rfd8 23. Qd3 Rxd6 24. Qxd6 Kf7 25. Kg1 Qa7+ 26. Kf1 Qb7 27. Bh5+
g6 28. Bf3 b4 29. Be2 Ra7 30. Qd8 Ra8 31. Qd6 Ra7 32. Qd8 Ra8 1/2-1/2

[Event "Ostravsky Konik 2021"]
[Site "Ostrava, Dům kultury města O"]
[Date "2021.08.15"]
[Round "9.3"]
[White "Fargac, Martin"]
[Black "Vesselovsky, Serguei"]
[Result "1/2-1/2"]
[WhiteElo "2285"]
[BlackElo "2316"]
[PlyCount "79"]
[EventDate "2021.??.??"]

1. d4 Nf6 2. c4 e6 3. Nc3 Bb4 4. e3 c5 5. Nf3 O-O 6. Bd3 d5 7. O-O dxc4 8. Bxc4
Nc6 9. a3 Ba5 10. h3 h6 11. Ba2 Qe7 12. Qe2 Rd8 13. Rd1 Bd7 14. Bd2 cxd4 15.
exd4 Be8 16. Ne4 Bb6 17. Bc3 Nd5 18. Rac1 f6 19. Nc5 Bf7 20. b4 Bxc5 21. dxc5
a6 22. Nh4 Nxc3 23. Rxc3 Rxd1+ 24. Qxd1 Rd8 25. Rd3 Rxd3 26. Qxd3 Qd8 27. Qe2
Nd4 28. Qd3 Nc6 29. Bb1 Qxd3 30. Bxd3 Kf8 31. Be4 Ke7 32. Bxc6 bxc6 33. Kf1 g5
34. Nf3 e5 35. Nd2 f5 36. g3 Ba2 37. Ke2 Ke6 38. g4 Bd5 39. f3 Kf6 40. Ke3
1/2-1/2

[Event "Ostravsky Konik 2021"]
[Site "Ostrava, Dům kultury města O"]
[Date "2021.08.15"]
[Round "9.4"]
[White "Michenka, Jozef"]
[Black "Pilch, Roman"]
[Result "1-0"]
[WhiteElo "2300"]
[BlackElo "2108"]
[PlyCount "45"]
[EventDate "2021.??.??"]

1. d4 c5 2. d5 f5 3. g3 b5 4. e4 fxe4 5. Nc3 Nf6 6. Bxb5 Na6 7. Nge2 Qb6 8. O-O
Nc7 9. Bc4 Qb4 10. b3 d6 11. Bd2 Qb7 12. Nf4 h5 13. f3 h4 14. Ng6 Rh7 15. g4
exf3 16. Nxf8 Kxf8 17. Qxf3 Kg8 18. g5 Bg4 19. Qf4 e5 20. dxe6 Bh3 21. Rf3 Bxe6
22. gxf6 d5 23. f7+ 1-0

[Event "Ostravsky Konik 2021"]
[Site "Ostrava, Dům kultury města O"]
[Date "2021.08.15"]
[Round "9.5"]
[White "Havelka, Ondrej"]
[Black "Dobrovolsky, Ladislav"]
[Result "1/2-1/2"]
[WhiteElo "2160"]
[BlackElo "2238"]
[PlyCount "91"]
[EventDate "2021.??.??"]

1. d4 Nf6 2. c4 d6 3. Nc3 Nbd7 4. e4 e5 5. Nge2 g6 6. d5 Bg7 7. f3 O-O 8. Be3
Ne8 9. g4 f5 10. gxf5 gxf5 11. Qd2 f4 12. Bf2 Nc5 13. b4 Nd7 14. a3 Bf6 15. Nc1
a5 16. Nb3 axb4 17. axb4 Rxa1+ 18. Nxa1 Bh4 19. Bxh4 Qxh4+ 20. Qf2 Qe7 21. Nb3
Ndf6 22. c5 Kh8 23. Bc4 Rg8 24. Rg1 Rg6 25. c6 bxc6 26. Rxg6 hxg6 27. dxc6 d5
28. Nxd5 Nxd5 29. Bxd5 Qxb4+ 30. Kd1 Kg7 31. Qc5 Qxc5 32. Nxc5 g5 33. Nd7 Nf6
34. Nxe5 Nxd5 35. exd5 Kf6 36. Nd3 Ke7 37. Nf2 Kd6 38. Ne4+ Kxd5 39. Nxg5 Kxc6
40. h4 Kd5 41. h5 Ke5 42. h6 Kf6 43. Kd2 Bf5 44. h7 Kg7 45. Kc3 Bxh7 46. Ne6+
1/2-1/2